| 000 | 00974nam0a2200313 4500 | ||
|---|---|---|---|
| 001 | RU\NLR\bibl\1783443 | ||
| 005 | 20260406063715.0 | ||
| 010 |
_a978-5-699-47658-9 _94000 |
||
| 021 |
_aRU _b2011-12082 _9305д/11 |
||
| 035 | _a(NLR Aleph) 001774182 | ||
| 090 |
_a1656754 _c1656754 |
||
| 100 | _a20110627d2011 |||y0rusy50 ca | ||
| 101 | 0 | _arus | |
| 102 | _aRU | ||
| 105 | _ay ||||||||| | ||
| 200 | 1 |
_aИгры с темным прошлым _e[повесть] _fАнна Данилова |
|
| 210 |
_aМосква _cЭксмо _d2011 |
||
| 215 |
_a316 с. _d17 |
||
| 225 | 1 | _aCrime & private | |
| 320 | _aДр. кн. авт.: с. 2 | ||
| 686 | _aШ6(2=Р)8-446 | ||
| 700 | 1 |
_4070 _7ca _8rus _aДанилова _bА. В. _cписатель _f1961- _gАнна Васильевна _96307 _3RU\NLR\auth\7723253 |
|
| 801 | 0 |
_aRU _bNLR _c20110627 _gRCR |
|
| 801 | 1 |
_aRU _bNLR _c20110627 |
|
| 942 | _cBOOK | ||
| 980 | _aNB | ||
| 980 | _aNBR | ||